000 00643nam a2200205Ia 4500
008 240729s9999 xx 000 0 und d
022 _a2666-0873
245 0 _aJACC. CardioOncology
260 _aUnited States
260 _bElsevier
650 _a Diseases of the circulatory (Cardiovascular) system | Medicine
650 _a Internal medicine
650 _a Internal medicine
650 _a Neoplasms. Tumors. Oncology. Including cancer and carcinogens
650 _a Specialties of internal medicine
650 _aMedicine
856 _uhttps://doaj.org/toc/299042a343a94ef09d15cac3e4d8eedd
942 _2ddc
942 _cDOAJEJ
999 _c70219
_d70219
945 _a1
_bMadushi Gamage
_c1
_dMadushi Gamage